000 00590nam a2200181 4500
001 135916
003 ES-MaACL
005 20230906195004.0
007 t|
008 070214s1971 sp r ||||1| spa d
100 1 _aRousselot, Jean.
_9100079
245 1 3 _aLa medicina en el arte /
_cdirector de la obra Jean Rousselot ; prefacio de Louis Pasteur Vallery-Radot.
260 _aBarcelona :
_bArgos,
_c1971.
300 _a334 p., 9 lám. :
_bil. ;
_c32 cm.
700 1 _aRousselot, Jean.
_9100079
700 1 _aPasteur Vallery-Radot, Louis.
_989468
852 _aES-MaACL
_jC-40913
_bR.78890
999 _c135916
_d135916